טוען...

Data mining/

מידע ביבליוגרפי
מחבר ראשי: Adriaans, Pieter
מחברים אחרים: Zantinge, Dolf
שפה:English
יצא לאור: Noida Pearson Education 2007
LEADER 00491 a2200157 4500
008 180510b xxu||||| |||| 00| 0 eng d
999 |c 187860  |d 187860 
020 |a 9788131707173 
084 |2 cc  |a D6515 
100 |a Adriaans, Pieter 
245 |a Data mining/ 
260 |b Pearson Education   |c 2007  |a Noida 
300 |b 166p. 
700 |a Zantinge, Dolf 
942 |c GEN 
952 |0 0  |1 0  |4 0  |6 D_6515_000000000000000_N61  |7 0  |9 327916  |a LIB  |b LIB  |d 2018-03-09  |e 19  |g 476.63  |o D6515 N6;1  |p 307642  |r 2018-03-09  |v 619.00  |y GEN